| 000 | 00774nam a2200241 i 4500 | ||
|---|---|---|---|
| 001 | 000022306 | ||
| 003 | DO-SdBNP | ||
| 005 | 20230824105942.0 | ||
| 007 | ta | ||
| 008 | 100927s1955 dr 000 0 spa d | ||
| 040 |
_aDO-SdBNP _bspa _cBNPHU _erda |
||
| 082 | 4 |
_a305.4098 _bG633i _222 |
|
| 100 | 1 |
_aGómez, Petronila Angelica, _946067 _eautora |
|
| 245 | 1 | 0 |
_aInfluencia de la mujer en iberoamérica / _cPetronila Angelica Gómez. |
| 264 |
_aCiudad Trujillo, República Dominicana : _bEditora Del Caribe, _c1955. |
||
| 300 |
_a73 páginas ; _c23 cm. |
||
| 336 |
_2rdacontent _atexto _btxt |
||
| 337 |
_2rdamedia _asin mediación _bnc |
||
| 338 |
_2rdacarrier _avolumen _bn |
||
| 650 | 4 |
_aMujeres _xHistoria _zAmérica Latina _946068 |
|
| 910 | _aBtavárez | ||
| 942 |
_2ddc _cLBS1 |
||
| 999 |
_c21804 _d21804 |
||